000 nam a22 4500
999 _c8842
_d8842
008 180314b ||||| |||| 00| 0 eng d
245 _aInvest in higher education for inclusive growth- study.
260 _aPhilippines
_bManila Bulletin
_cc2016
300 _apage C-4.
650 0 _926805
_aEducation.
942 _2ddc
_cPER